| 000 | 00993nam a2200301 i 4500 | ||
|---|---|---|---|
| 001 | bg | ||
| 245 | 1 | 0 |
_aNieruchomość kredyt hipoteka : _bpraca zbiorowa / _cpod red. Gabriela Główki ; aut. Magdalena Cicharska [et al.]. |
| 260 |
_aWarszawa : _bWydawnictwo Poltext, _c2008. |
||
| 300 |
_a206 s. : _bil. ; _c24 cm. |
||
| 490 | 1 | _aNieruchomości | |
| 504 | _aBibliogr. s. 205-206. | ||
| 521 | 8 | _aDla studentów kierunków związanych z funkcjonowaniem rynku nieruchomości. | |
| 650 | 9 | _aNieruchomości | |
| 650 | 9 | _aKredyt hipoteczny | |
| 655 | _aPodręczniki akademickie | ||
| 700 | 1 |
_aGłówka, Gabriela. _eRed. |
|
| 700 | 1 | _aCicharska, Magdalena. | |
| 830 | 0 | _aNieruchomości - Poltext | |
| 020 | _a9788375610079 | ||
| 040 | _cBPK | ||
| 041 | 0 | _apol | |
| 044 | _aPOL | ||
| 080 | _a332.7/.8:336.77 | ||
| 920 | _a978-83-7561-007-9 | ||
| 942 | _cKS | ||
| 008 | s pl f |000 0 pol | ||
| 999 |
_c55210 _d55210 |
||
| 856 |
_uhttp://koha.tu.koszalin.pl/cgi-bin/koha/opac-detail.pl?biblionumber=55210 _yKatalog online BPK |
||